Aplikácia metódy Global Sourcing pri získaní pracovníkov
Získavanie kvalitných ľudských zdrojov - jeden z cieľov organizácií. Získavanie pracovníkov. Základná charakteristika metódy Global Sourcing. Možnosti aplikácie metódy Global Sourcing pri získavaní pracovníkov.
Enregistré dans:
| Auteur principal: | |
|---|---|
| Autres auteurs: | |
| Format: | Chapitre de livre |
| Langue: | slovaque |
| Sujets: | |
| Tags: |
Pas de tags, Soyez le premier à ajouter un tag!
|
MARC
| LEADER | 00000naa a2200000 4500 | ||
|---|---|---|---|
| 001 | 0136184 | ||
| 005 | 20230918072613.3 | ||
| 041 | 0 | |a slo | |
| 044 | |a SK | ||
| 245 | 1 | 0 | |a Aplikácia metódy Global Sourcing pri získaní pracovníkov |c Gabriela Kravčáková, Přemysl Mikšovský |
| 520 | |a Získavanie kvalitných ľudských zdrojov - jeden z cieľov organizácií. Získavanie pracovníkov. Základná charakteristika metódy Global Sourcing. Možnosti aplikácie metódy Global Sourcing pri získavaní pracovníkov. | ||
| 610 | 2 | 0 | |a prijímanie pracovníkov |
| 610 | 2 | 0 | |a výber pracovníkov |
| 610 | 2 | 0 | |a zdroje ľudské |
| 610 | 2 | 0 | |a metódy |
| 100 | 1 | |a Kravčáková, Gabriela | |
| 700 | 1 | |a Mikšovský, Přemysl | |